000 00304nam a22001337a 4500
008 170210b xxu||||| |||| 00| 0 eng d
020 _a9781591950219
041 _aeng
080 _a61
100 _a4
101 _ashm
245 _aCLINICIAN'S GUIDE TO INTERNAL MEDICINE
_cDESAI, S.P
942 _2udc
_cBK
999 _c5142
_d5142